Datum a čas kvízu

32.5 Celkem bodů Celkový počet nahraných bodů na tomto kvízu bez doplňovacích otázek.
12. Pořadí na kvízu Konečné umístění týmu na tomto kvízu.

Zaznamenané odpovědi

# Otázka Odpověď Body Výsledky
1. Jak se jmenuje hejtman, který... Jan Krkoška, Moravskoslezský kraj 1
2. Historicky prvním premiérem ev... Wales 0
3. Streetartový umělec Banksy se... strom 0
4. Český statistický úřad zveřejn... C) hlávkové zelí 0
5. Ester Ledecká si k sobotním n... 29. narozeniny (28. a 30. za půl bodu) 1
6. Toto literární téma vyhrálo mi... Malý princ 1
7. Děj knihy se odehrává během tř... Kdo chytá v žitě, J. D. Salinger 1
8. Přiřaďte klasická díla ruské l... 1A 2C 3B 4D 1
9. Jedna z nejprodávanějších knih... Anne Frank 1
10. Na závěr se zaměříme na novějš... Zmizelá 0